| 000 | 00522nam a2200205Ia 4500 | ||
|---|---|---|---|
| 003 | LK-CoDNM | ||
| 005 | 20240307093706.0 | ||
| 008 | 010623t1933 xxu||||| |||| 00| 1 sin d | ||
| 040 |
_aLK-CoDNM _dLK-CoDNM _eLK-CoDNM |
||
| 041 | _asin | ||
| 080 | _a104 AA4 | ||
| 245 | _aසිංහල ගෙදර | ||
| 246 | _aSinhala Gedara | ||
| 260 |
_bVeerawardhana press _aColombo _c1933 |
||
| 300 |
_bDamaged _a14p.,27 cm |
||
| 650 | _aAstrology | ||
| 650 | _aEbraham Linkan | ||
| 650 | _aPolygamous Marriage | ||
| 942 | _cBK | ||
| 999 |
_c96960 _d96960 |
||